Statistics for The Exorcist Franchise

Click here to take the quiz!

General Stats

  • This quiz has been taken 12 times
  • The average score is 7 of 12

Answer Stats

TypeYearNameInfo% Correct
Film1977Exorcist II: The HereticWarner Bros.
100%
Novel1971The ExorcistWilliam Peter Blatty
100%
Film1973The ExorcistWarner Bros.
100%
Play2012The ExorcistJohn Pielmeier
100%
TV Show2016-2017The ExorcistFOX
100%
Film1990The Exorcist III20th Century Fox
91%
Film2004Exorcist: The BeginningWarner Bros.
36%
Novel1983LegionWilliam Peter Blatty
36%
Film2005Dominion: Prequel to the ExorcistWarner Bros.
27%
Essay Collection2008American Exorcist: Critical Essays on William Peter BlattyBenjamin Szumskyj
0%
Film1990RepossessedSeven Arts
0%
Film1975The Exorcist: Italian StyleDear International
0%

Score Distribution

Percentile by Number Answered

Percent of People with Each Score

Your Score History

You have not taken this quiz